The public display of the adjudication document systematic land registration in ou dambang muoy commune, sangkae district, battambang province, ការបិទផ្សាយជាសាធារណៈនូវឯកសារ នៃការវិនិច្ឆ័យក្នុងការចុះបញ្ជីដីធ្លីមានលក្ខណ/ជាប្រព័ន្ធ នៅឃុំអូរដំបង ១ ស្រុកសង្កែ ខេត្តបាត់ដំបង (Record no. 5456)

000 -LEADER
fixed length control field 00866nam a22001577a 4500
003 - CONTROL NUMBER IDENTIFIER
control field OSt
005 - DATE AND TIME OF LATEST TRANSACTION
control field 20151231141311.0
008 - FIXED-LENGTH DATA ELEMENTS--GENERAL INFORMATION
fixed length control field 151231b xxu||||| |||| 00| 0 eng d
040 ## - CATALOGING SOURCE
Transcribing agency RUA
082 ## - DEWEY DECIMAL CLASSIFICATION NUMBER
Classification number LMA THO 2006 B293 Or.1
100 ## - MAIN ENTRY--PERSONAL NAME
9 (RLIN) 5857
Personal name THO, RATHA.
245 ## - TITLE STATEMENT
Title The public display of the adjudication document systematic land registration in ou dambang muoy commune, sangkae district, battambang province, ការបិទផ្សាយជាសាធារណៈនូវឯកសារ នៃការវិនិច្ឆ័យក្នុងការចុះបញ្ជីដីធ្លីមានលក្ខណ/ជាប្រព័ន្ធ នៅឃុំអូរដំបង ១ ស្រុកសង្កែ ខេត្តបាត់ដំបង
260 ## - PUBLICATION, DISTRIBUTION, ETC. (IMPRINT)
Place of publication, distribution, etc. Phnom Penh
Name of publisher, distributor, etc. RUA
Date of publication, distribution, etc. 2006
300 ## - PHYSICAL DESCRIPTION
Extent xi; 47p.
Other physical details ill.
Dimensions 29cm.
942 ## - ADDED ENTRY ELEMENTS (KOHA)
Source of classification or shelving scheme
Koha item type LMA
Holdings
Price effective from Date last seen Permanent Location Not for loan Date acquired Source of classification or shelving scheme Koha item type Barcode Lost status Damaged status Shelving location Withdrawn status Current Location Full call number
2015-12-312015-12-31Library Block B 2015-12-31 LMARUA020904  B293 Library Block BLMA THO 2006 B293 Or.1
2015-12-312015-12-31Library Block B 2015-12-31 LMARUA012013  B293 Library Block BLMA THO 2006 B293 Or.2
2015-12-312015-12-31Library Block B 2015-12-31 LMARUA012238  B293 Library Block BLMA THO 2006 B293 Or.3
2015-12-312015-12-31Library Block B 2015-12-31 LMARUA038017  B293 Library Block BLMA THO 2006 B293 Or.4
2015-12-312015-12-31Library Block B 2015-12-31 LMARUA046494  B293 Library Block BLMA THO 2006 B293 Or.5
មជ្ឈមណ្ឌលឯការនៃសាកលវិទ្យាល័យភូមិន្ទកសិកម្មចំការដូង

Powered by Koha